| 000 | 00611nam a2200181 a 4500 | ||
|---|---|---|---|
| 008 | 120416s1987 ||||||||||||||||| || u | ||
| 050 | _aKJ 571 Jap | ||
| 110 | _aJapan Ministry of Foreign Affairs | ||
| 245 | 1 | 0 | _aDiplomatic bluebook 1987 |
| 246 | _aJapan's diplomatic activities | ||
| 260 |
_aTokyo _bThe Ministry _c1987 |
||
| 300 | _avi, 335p. : ill. | ||
| 350 | _a0.00 | ||
| 650 | _aFOREIGN AFFAIRS | ||
| 650 | _aPOLITICS | ||
| 650 | _aDIPLOMACY | ||
| 995 |
_D0.00 _FCBU-MAIN LIBRARY (Kitwe) _H1 _I5.00 _M1 _UAVAILABLE _ZAnnex Low-Usage Collection |
||
| 999 |
_c40219 _d40219 |
||